Divagando : (Registro nro. 24173)

Detalles MARC
000 -LEADER
fixed length control field 02390nam a22002057a 4500
003 - CONTROL NUMBER IDENTIFIER
control field DO-CoUTE
005 - DATE AND TIME OF LATEST TRANSACTION
control field 20260506150237.0
008 - FIXED-LENGTH DATA ELEMENTS--GENERAL INFORMATION
fixed length control field 260506b dr ||||| |||| 00| 0 spa d
040 ## - CATALOGING SOURCE
Original cataloging agency DO-CoUTE
Language of cataloging spa
Transcribing agency DO-CoUTE
082 ## - DEWEY DECIMAL CLASSIFICATION NUMBER
Classification number RD616.S195D2021
100 1# - MAIN ENTRY--PERSONAL NAME
Personal name Sang Ben, Miguel
Relator term Autor
245 10 - TITLE STATEMENT
Title Divagando :
Remainder of title Con el Covid-19 durante el confinamiento /
Statement of responsibility, etc. Miguel Sang Ben
260 ## - PUBLICATION, DISTRIBUTION, ETC.
Place of publication, distribution, etc. Santo Domingo ;
Name of publisher, distributor, etc. Instituto Superior para la defensa general juan pablo duarte y diez,
Date of publication, distribution, etc. 2021
300 ## - PHYSICAL DESCRIPTION
Extent 207 Pagina
Dimensions 23cm,
504 ## - BIBLIOGRAPHY, ETC. NOTE
Bibliography, etc. note Incluye referencia bibliográfica e índice.<br/><br/><br/>
505 ## - FORMATTED CONTENTS NOTE
Formatted contents note Prologo 7 -- Introducción 13 -- El encuentro del mundo chino con sus antípodas dominicanos 17 -- Un ejemplo de «Mestizaje cultural» 35 -- Otro ejemplo de «Mestizaje cultural» 39 -- «Ciencia e inconciencia»: geopolítica del ´´Novo coronavirus´´ 43 -- «Ciencia y política» con el Novo coronavirus 49 -- «El país de María Santísima» 55 -- «Trascender las fronteras»: el impacto mediático de la crisis 59 -- «Las estrategias para vencer en la Guerra Mundial contra el Coronavirus» 63 -- «Política y Coronavirus»: ¿Cuál es la cuestión? 71 -- «De regreso al futuro»: neo-guerra fría y el Covid-19 77 -- «Quo Vadis, Humanes»: sobre la filosofía frente a la pandemia 85 -- «¿Nos llevará el Covid-19 a un gobierno mundial?» 97 -- «Voldermort como clave de una conspiración del Covid-19»: sobre las teorías de las ´´conspiraciones´´ 103 -- «Unas elecciones en medio del Covid-19» 115 -- «¿Una nueva organización de las naciones unidas? » 119 -- «¿Es China culpable?» 123 -- «¿El futuro centro pandémico será América Latina?» 131 -- El valor de la «Cumbre por la unidad y recuperación nacional» 135 -- «Ciencia vs. política»: ¿Cuál será el desenlace? 139 -- «Covid-19»: los riesgos de la reapertura precipitada 147 -- «Covid-19 y violencia policial»: ¿Un cóctel inflamable? 151 -- «Covid-19: ¿Cómo nos está afectando psicológicamente? » 155 -- «¿Cómo está afectando el Covid-19 a las religiones?» 167 -- «¿Cómo está afectando el Covid-19 a las industrias creativas? » 175 -- «Como está afectando el Covid-19 a las fuerzas armadas» 183 -- «Ángela Merkel»: Una grande estadista de la era pandémica 187 -- Epílogo 203
650 #4 - SUBJECT ADDED ENTRY--TOPICAL TERM
Topical term or geographic name entry element pandemia
700 1# - ADDED ENTRY--PERSONAL NAME
Personal name Miguel Sang Ben
Relator term Autor
942 ## - ADDED ENTRY ELEMENTS (KOHA)
Source of classification or shelving scheme Dewey Decimal Classification
Koha item type Libros
Existencias
Withdrawn status Lost status Source of classification or shelving scheme Damaged status Not for loan Collection code Home library Current library Shelving location Date acquired Inventory number Total Checkouts Full call number Barcode Date last seen Copy number Price effective from Koha item type
    Dewey Decimal Classification     Colección Dominicana Biblioteca UTECO Biblioteca UTECO En Estantería 05/06/2026 023660   RD616.S195D2021 023660 05/06/2026 Ej.1 05/06/2026 Libros
© 2021 Derechos Reservados UTECO - Teléfono: +1 809-585-2291 - Correo electrónico: biblioteca@uteco.edu.do​  
Código postal 43000 ​​
Dirección: Avenida Universitaria No. 100, 
Cotuí, Provincia Sánchez Ramírez, República Dominicana - RNC: 404-00059-6